Państwa Bliskiego Wschodu - Statystyki

Ogólne statystyki
  • Ten quiz został rozwiązany 4 169 razy
  • Średni wynik to 16 z 17
Odpowiedzi na mapie
Odpowiedzi zakodowano w zielono-czerwonej skali na mapie do tego quizu, zgodnie z poniższymi procentami.
 
Statystyki odpowiedzi
Państwo % Poprawnych
Irak
98%
Iran
98%
Arabia Saudyjska
97%
Izrael
97%
Oman
95%
Turcja
95%
Egipt
94%
Jemen
94%
Katar
93%
Syria
93%
Zjednoczone Emiraty Arabskie
93%
Jordania
92%
Kuwejt
88%
Liban
87%
Bahrajn
85%
Cypr
82%
Palestyna
77%
Nie znaleziono quizów pasujących do podanych kryteriów
Rozkład punktacji
Procent ludzi z każdym wynikiem
Percentyl według liczby udzielonych odpowiedzi
Twoja historia wyników
Nie rozwiązałeś tego quizu